Les places des villes françaises - Statistiques

Statistiques générales
  • Ce quiz a été pris 58 fois
  • Le résultat moyen est 20 sur 40
Statistiques - réponses
Région Place Ville % Correct
Île-de-France Place de la Concorde Paris
100%
Auvergne-Rhône-Alpes Place Bellecour Lyon
93%
Grand Est Place Kléber Strasbourg
89%
Grand Est Place Stanislas Nancy
79%
Occitanie Place du Capitole Toulouse
79%
Provence-Alpes-Côte d'Azur Place Masséna Nice
75%
Corse Place Saint-Nicolas Bastia
74%
Pays de la Loire Place Royale Nantes
74%
Hauts-de-France Grand'Place Lille
72%
Nouvelle-Aquitaine Place des Quinconces Bordeaux
65%
Bourgogne-Franche-Comté Place de la Libération Dijon
61%
Grand Est Place d'Armes Metz
61%
Occitanie Place de la Comédie Montpellier
61%
Centre-Val de Loire Place Plumereau Tours
60%
Auvergne-Rhône-Alpes Place de Jaude Clermont-Ferrand
58%
Bretagne Place de la République Rennes
56%
Normandie Place Saint-Sauveur Caen
53%
Normandie Place du Vieux-Marché Rouen
53%
Pays de la Loire Place du Ralliement Angers
49%
Provence-Alpes-Côte d'Azur Place de la Liberté Toulon
49%
Provence-Alpes-Côte d'Azur Place Jean-Jaurès Marseille
47%
Bretagne Place Saint-Corentin Quimper
42%
Centre-Val de Loire Place du Martroi Orléans
40%
Auvergne-Rhône-Alpes Place Grenette Grenoble
39%
Hauts-de-France Place Jean-Bart Dunkerque
37%
Normandie Place de l'hôtel de ville Le Havre
37%
Nouvelle-Aquitaine Place Clemenceau Pau
37%
Bourgogne-Franche-Comté Place de la Révolution Besançon
35%
Guyane Place des Palmistes Cayenne
35%
Martinique Place de la Savane Fort-de-France
35%
Provence-Alpes-Côte d'Azur Place de l'Horloge Avignon
33%
Bretagne Place Alsace Lorraine Lorient
32%
Hauts-de-France Place des Héros Arras
26%
Centre-Val de Loire Place Gordaine Bourges
23%
Pays de la Loire Place Napoléon La Roche-sur-Yon
23%
Guadeloupe Place de la Victoire Pointe-à-Pitre
23%
Bourgogne-Franche-Comté Place Corbis Belfort
19%
Grand Est Place Ducale Charleville-Mézières
19%
Occitanie Place Carnot Carcassonne
18%
Nouvelle-Aquitaine Place de Verdun La Rochelle
16%
Aucun quiz correspondant
Distribution des résultats
% des personnes avec chaque résultat
Percentile par nombre de réponses
Votre historique - résultats
Vous n’avez pas pris ce quiz